[Event "Wch U12"]
[Site "Montesilvano"]
[Date "2024.11.26"]
[Round "11"]
[White "Mintz, Nathan"]
[Black "Gazzato, Nicolo"]
[Result "0-1"]
[WhiteElo "1633"]
[BlackElo "1868"]
[PlyCount "202"]
[EventDate "2024.11.15"]
[EventType "swiss"]
[EventRounds "11"]
[EventCountry "ITA"]
[SourceTitle "CB48_2024"]
[SourceDate "2024.11.28"]
[SourceVersion "1"]
[SourceVersionDate "2024.11.28"]
[SourceQuality "1"]

1. c4 g6 2. Nc3 Bg7 3. d3 d6 4. g3 Nf6 5. Bg2 c6 6. e4 Nbd7 7. Nge2 0-0 8. 0-0 e5 9. Bg5 h6 10. Bxf6 Nxf6 11. h3 Nh7 12. Kh2 Be6 13. f4 f5 14. Rb1 a6 15. a4 Rf7 16. b4 Nf8 17. b5 exf4 18. gxf4 axb5 19. axb5 Ra3 20. Rb3 Rxb3 21. Qxb3 Qb6 22. Qa4 cxb5 23. Qxb5 Qe3 24. Qb1 fxe4 25. Bxe4 Qxh3+ 26. Kg1 Qe3+ 27. Kh1 Qh3+ 28. Kg1 Qg4+ 29. Kh1 Qh4+ 30. Kg1 Kh8 31. Qe1 Qg4+ 32. Bg2 Re7 33. Rf3 Bf7 34. Rg3 Qh5 35. Rh3 Qc5+ 36. Kh1 Qa5 37. Qh4 Re8 38. Qe1 Be6 39. Re3 Qh5+ 40. Kg1 Bd7 41. Rxe8 Bxe8 42. Bxb7 Qc5+ 43. Qf2 Qc7 44. Bg2 Qe7 45. Nd5 Qf7 46. Nd4 Qa7 47. Nb5 Qb8 48. Nbc7 Bf7 49. Kh2 Nd7 50. Qh4 Nf8 51. Qe7 Bxd5 52. Nxd5 Qb2 53. Qxd6 g5 54. Qb6 Qxb6 55. Nxb6 Bd4 56. Nd5 gxf4 57. Kh3 Ne6 58. Kg4 Kg7 59. Be4 Be3 60. Bf5 Nd4 61. Nxf4 Nc6 62. Nd5 Bc5 63. Nc7 Kf6 64. Bc8 Ne5+ 65. Kg3 Nxd3 66. Ba6 Bd6+ 67. Kh4 Bxc7 68. Kh5 Kg7 69. Bb5 Nf4+ 70. Kg4 Ne6 71. Kh5 Bf4 72. Kg4 Bg5 73. Kh5 Nc5 74. Kg4 Kf6 75. Kh5 Ke5 76. Kg4 Ke4 77. Kh5 Kf4 78. Bc6 Kf5 79. Bd5 Nd3 80. Be6+ Kxe6 81. Kg4 Nb2 82. c5 Nd3 83. c6 Ne5+ 84. Kh5 Nxc6 85. Kg4 Ke5 86. Kh5 Kf4 87. Kg6 Kg4 88. Kf7 Ne5+ 89. Ke6 Nf3 90. Kd5 h5 91. Kc4 h4 92. Kd3 h3 93. Ke2 h2 94. Kf2 h1Q 95. Ke2 Qg2+ 96. Kd3 Qd2+ 97. Kc4 Qd4+ 98. Kb5 Bd8 99. Kc6 Ne5+ 100. Kb7 Qd5+ 101. Kc8 Qa8# 0-1

[Event "Wch U12"]
[Site "Montesilvano"]
[Date "2024.11.25"]
[Round "10"]
[White "Son, Juwon"]
[Black "Mintz, Nathan"]
[Result "0-1"]
[WhiteElo "1448"]
[BlackElo "1633"]
[PlyCount "72"]
[EventDate "2024.11.15"]
[EventType "swiss"]
[EventRounds "11"]
[EventCountry "ITA"]
[SourceTitle "CB48_2024"]
[SourceDate "2024.11.28"]
[SourceVersion "1"]
[SourceVersionDate "2024.11.28"]
[SourceQuality "1"]

1. e4 c5 2. c3 d5 3. exd5 Qxd5 4. d4 Nf6 5. Nf3 Nc6 6. Na3 Bg4 7. Be2 cxd4 8. Nb5 0-0-0 9. Nbxd4 e6 10. Be3 Bc5 11. Qa4 Rhe8 12. Nxc6 bxc6 13. Rd1 Qe4 14. Qa6+ Kc7 15. Qa5+ Bb6 16. Bxb6+ axb6 17. Qa7+ Kc8 18. Qa6+ Kc7 19. 0-0 Ra8 20. Qc4 Bxf3 21. gxf3 Qf5 22. a3 Nd5 23. Qg4 Nf4 24. Rfe1 Qf6 25. Qg3 Ra5 26. h4 Rh5 27. Rd4 e5 28. Bc4 Rxh4 29. Ree4 Qh6 30. Rxf4 exf4 31. Qg2 Re1+ 32. Bf1 Rh1+ 33. Qxh1 Rxf1+ 34. Kxf1 Qxh1+ 35. Ke2 Qc1 36. Rd2 h5 0-1

[Event "Wch U12"]
[Site "Montesilvano"]
[Date "2024.11.20"]
[Round "6"]
[White "Pennacchia, Domenico"]
[Black "Mintz, Nathan"]
[Result "0-1"]
[WhiteElo "1510"]
[BlackElo "1633"]
[PlyCount "72"]
[EventDate "2024.11.15"]
[EventType "swiss"]
[EventRounds "11"]
[EventCountry "ITA"]
[SourceTitle "CB48_2024"]
[SourceDate "2024.11.28"]
[SourceVersion "1"]
[SourceVersionDate "2024.11.28"]
[SourceQuality "1"]

1. e4 c5 2. Nf3 d6 3. Bb5+ Bd7 4. Bxd7+ Nxd7 5. 0-0 Ngf6 6. Re1 e6 7. c3 Be7 8. d4 cxd4 9. Nxd4 a6 10. Bg5 0-0 11. Nd2 Rc8 12. Qe2 Qc7 13. Rad1 b5 14. N2f3 Rfd8 15. h4 h6 16. Bxf6 Bxf6 17. Nh2 Bxh4 18. Qh5 Bg5 19. Ng4 Nf6 20. Nxf6+ Bxf6 21. Rd3 Qc5 22. Qh3 Qg5 23. Rg3 Qh4 24. Qxh4 Bxh4 25. Rg4 Bf6 26. Nb3 Rc4 27. Na5 Ra4 28. Nc6 Rc8 29. Nb4 a5 30. Nc2 Rxa2 31. Rb1 b4 32. Nd4 Bxd4 33. cxd4 Rc2 34. b3 Rxf2 35. Rf1 Rxf1+ 36. Kxf1 Rd2 0-1

[Event "Wch U12"]
[Site "Montesilvano"]
[Date "2024.11.18"]
[Round "4"]
[White "Ivarlac, Vladislav"]
[Black "Mintz, Nathan"]
[Result "1-0"]
[WhiteElo "1867"]
[BlackElo "1633"]
[PlyCount "81"]
[EventDate "2024.11.15"]
[EventType "swiss"]
[EventRounds "11"]
[EventCountry "ITA"]
[SourceTitle "CB48_2024"]
[SourceDate "2024.11.28"]
[SourceVersion "1"]
[SourceVersionDate "2024.11.28"]
[SourceQuality "1"]

1. Nf3 c5 2. g3 Nc6 3. Bg2 g6 4. d4 cxd4 5. Nxd4 Bg7 6. c3 Nf6 7. 0-0 0-0 8. e4 d6 9. Na3 e5 10. Ndb5 Ne8 11. Nc4 b6 12. a4 Ba6 13. b3 Rc8 14. Ba3 f5 15. exf5 Kh8 16. fxg6 hxg6 17. Bh3 Ra8 18. Ncxd6 Nxd6 19. Qxd6 Qxd6 20. Bxd6 Rfd8 21. Bg2 Rac8 22. Bc7 Bxb5 23. axb5 Rxc7 24. bxc6 Rd3 25. Rfd1 Rxc3 26. Rd7 Rc8 27. Raxa7 Rc1+ 28. Bf1 Bf6 29. c7 Kg8 30. Kg2 Kf8 31. Ba6 Ra1 32. Bxc8 Rxa7 33. Bb7 Be7 34. c8Q+ Kf7 35. Bd5+ Kf6 36. Qh8+ Kf5 37. Rxa7 Bf6 38. g4+ Kg5 39. h4+ Kxg4 40. Qxf6 e4 41. Qg5# 1-0